Hujan hitam

Bibliographic Details
Main Author: Ibuse, Masuji
Other Authors: Fatimah Zainal
Format: Book
Published: Kuala Lumpur : DBP , 1993
Subjects:

MARC

LEADER 00000cam a2200000 7i4500
001 0000000334
002 000000409
005 20000330.0
020 |a 9836235140 
090 0 0 |a F   |b IBU 
100 1 |a Ibuse, Masuji 
245 1 0 |a Hujan hitam   |c Masuji Ibuse diterjemah oleh Fatimah Zainal, Zulkifli Ahmad 
260 |a Kuala Lumpur :   |b DBP ,   |c 1993 
300 |a 427 p. ;   |c 18 cm. 
650 0 0 |a Japanese fiction 
700 0 |a Fatimah Zainal 
999 |a 029436   |b BUKU   |c PINJAMAN   |e PERPUSTAKAAN KOMUNITI PETALING JAYA 
999 |a 029437   |b BUKU   |c PINJAMAN   |e PERPUSTAKAAN KOMUNITI PETALING JAYA